| 000 | 01094cac a2200301 a 4500 | ||
|---|---|---|---|
| 003 | Co-PeBPM | ||
| 005 | 20260408101923.0 | ||
| 007 | ta | ||
| 008 | 141031s2005 ck a g 000 0 spa | ||
| 020 | _a9789583018572 | ||
| 040 | 0 |
_aCo-PeBPM _bspa _erda _cCo-PeBPM |
|
| 041 | _aspa | ||
| 082 | 0 | 4 |
_a(i) 612.82 N476p _222 |
| 100 | 1 |
_aHill Nettleton, Pamela _99271 _eautor |
|
| 245 | 1 | 0 |
_aPiensa, piensa, piensa _b: aprende acerca de tu cerebro _c/ Pamela Hill Nettleton ; ilustrado por Becky Shipe ; traducido por Margarita Martínez |
| 250 | _aprimera edición | ||
| 264 |
_aBogotá, Colombia _b: Panamericana _c, 2013 |
||
| 300 |
_a28 páginas _b: ilustraciones a color _c; 23 centímetros |
||
| 500 | _aIncluye glosario e índice | ||
| 534 | _tThink, think, think, learning about your brain | ||
| 650 | 1 | 7 |
_aCerebro _2LEMB _948193 |
| 650 | 1 | 7 |
_aLiteratura infantil _2LEMB |
| 650 | 1 | 7 |
_aLocalización de funciones _2LEMB _948194 |
| 650 | 1 | 7 |
_aFisiología del cerebro _2LEMB |
| 700 | 1 |
_aShipe, Becky _eilustrador _948195 |
|
| 700 | 1 |
_aMartínez, Margarita _etraductor _916912 |
|
| 942 |
_2ddc _cBK |
||
| 999 |
_c1449 _d1449 |
||